Normal view
MARC view
- Manṭo, Saʻādat Ḥasan,
Entry Personal Name
001 - CONTROL NUMBER
- control field: 1443
003 - CONTROL NUMBER IDENTIFIER
- control field: NUST
005 - DATE AND TIME OF LATEST TRANSACTION
- control field: 20170525150126.0
008 - FIXED-LENGTH DATA ELEMENTS
- fixed length control field: 170525|| aca||aabn | a|a d
040 ## - CATALOGING SOURCE
- Original cataloging agency: NUST
- Transcribing agency: NUST
100 ## - HEADING--PERSONAL NAME
- Personal name: Manṭo, Saʻādat Ḥasan,
- Dates associated with a name: 1912-1955.
670 ## - SOURCE DATA FOUND
- Source citation: Work cat.: (NUST)0: Manṭo, Saʻādat Ḥasan, 1912-1955., Khālī botalen khālī ḍabbe., Lahore:
